000 00843nam a22002897a 4500
001 0009605
003 KOHA_MİRAKIL
005 20260207001714.0
007 ta
008 091021b1997 tu |||gr||||#||||0|tur |
020 _c0,01
040 _aTR-BiSEU
_btur
_cTR-BiSEU
_erda
041 0 _atur
044 _ctu
050 _aT11
_b.D39 1997
100 1 _aDay, Robert A.
245 1 _aBilimsel bir makale nasıl yazılır ve yayımlanır?/
_cRobert A Day ; Robert A. Day; çeviren Gülay Aşkar Altay.
264 1 _aAnkara :
_bTÜBİTAK
_c1997
300 _aXXI, 233 sayfa: resimli; 24 cm.
336 _ametin
_btxt
_2rdacontent
337 _aaracısız
_bn
_2rdamedia
338 _acilt
_bnc
_2rdacarrier
500 _aKaynakça var.
650 0 _aTeknik yazı.
_923755
650 0 _aTechnical writing.
_911834
942 _2lcc
_cBK
999 _c9577
_d9577